| 000 | 00991nam a22003017a 4500 | ||
|---|---|---|---|
| 003 | CHAP | ||
| 005 | 20220329140859.0 | ||
| 008 | 971013s r 00010 d | ||
| 010 | _a59175 | ||
| 011 | _a60147 | ||
| 035 | _a64307 | ||
| 040 | _cCHAP | ||
| 090 | _aFolleto 11899 | ||
| 110 |
_aPrograma de Desarrollo Rural Integrado del Tropico Húmedo. México _992293 |
||
| 245 | _aIncorporación de la familia al Programa de Desarrollo Rural Integrado del Trópico Húmedo | ||
| 260 |
_a(México, D.F.) : _bPRODERITH, _c(197 ?) |
||
| 300 | _a51 h. | ||
| 590 |
_aBATCH-UPD _b10 _c20130110 _lUCH01 _h1441 |
||
| 590 |
_aBATCH-UPD _b10 _c20130410 _lUCH01 _h0913 |
||
| 590 |
_aBATCH-UPD _b10 _c20130914 _lUCH01 _h1146 |
||
| 590 |
_aCONVERSION _b10 _c20130109 _lUCH01 _h1332 |
||
| 650 | 1 | 4 |
_aDesarrollo de la comunidad rural. _931995 |
| 650 | 1 | 4 |
_aFamilia. _939405 |
| 650 | 1 | 4 |
_aTrópicos. _9115278 |
| 901 | _aBK | ||
| 942 | _cFOLL | ||
| 949 |
_aFolleto 11899 _bBC _cFOLL _d-140069 _eTS1 _i64307 _mD _si |
||
| 999 |
_c59175 _d59175 |
||